000 00478nam a22001697a 4500
005 20251108164707.0
008 250721s1992 xx 000 0 ara d
082 1 4 _a800/سيد
100 1 _aالبحراوي، سيد
245 1 0 _aعلم إجتماع الأدب /
264 1 _aالقاهرة :
_bالشركة المصرية العالمية للنشر،
_c1992.
300 _a67ص
490 0 _aأدبيات
650 1 7 _aالأدب
942 _2ddc
_cBK
999 _c12000
_d12000